000 00431cam a2200145 a 4500
020 _a9789966251138
050 0 0 _aHC502
_b.R6 1972
100 1 _aRodney, Walter.
245 1 0 _aHow Europe underdeveloped Africa /
_cby Walter Rodney with a postscript by A.M. Babu.
250 _aRev. ed.
260 _aWashington, D.C. :
_bHoward University Press,
_c1972.
300 _axxiv, 312 p. ;
500 _aTitle page dated 1982.
942 _cGEN
999 _c3298
_d3298